Türk demokrasisinin analizi (Record no. 9119)

MARC details
000 -BAŞLIK
Sabit Uzunlukta Kontrol Alanı 00932na a2200325 4500
999 ## - SİSTEM KONTROL NUMARALARI (KOHA)
Koha Biblionumber 9119
Koha Biblioitemnumber 9119
001 - KONTROL NUMARASI
Denetim Alanı 21502
003 - KONTROL NUMARASI IDENTIFIER
Denetim Alanı MIRAKIL
005 - SON İŞLEM TARİHİ VE ZAMANI
Denetim Alanı 20211214000606.0
008 - SABİT-BOY VERİ ELEMANLARI - GENEL BİLGİLER
Sabit Uzunlukta Kontrol Alanı 170205b tu 000 0
020 ## - ULUSLARARASI STANDART KİTAP NUMARASI
Uluslararası Standart Kitap Numarası 9786051030449
040 ## - KATALOGLAMA KAYNAK
Orijinal Kataloglama Ajansı Milas
Kataloglama Dili tur
Metne Dönüştürmek Ajansı TR-AnCHP
041 ## - DİL KODU
Metin / Ses Parça Veya Ayrı Başlığın Dil Kodu tur
082 ## - DEWEY ONLU SINIFLANDIRMA NUMARASI
Sınıflandırma Numarası CHP 324.2171
Ürün Numarası G95t 2009
090 ## - SINIFLAMA NUMARASI
Sınıflama Numarası CHP 324.2171 G95t 2009
100 ## - ANA GİRİŞ - KİŞİSEL İSİM
Kişisel Ad Güneş, Turan
245 ## - BAŞLIK TABLOSU
Başlık Türk demokrasisinin analizi
Sorumluluk Tablosu, Vb Turan Güneş, derleyen Hurşit Güneş
250 ## - EDITION TABLOSU
Baskı Beyanı 2. bs.
260 ## - YAYIN, DAĞITIM, VB
Yayın, Dağıtım, Vb Yeri İstanbul
Yayıncı, Dağıtıcı, Vs Adı Agora kitaplığı
Yayın, Dağıtım, Vb Tarihi 2009
300 ## - FİZİKSEL TANIM
Kapsam 296 s.
Boyutlar 23 sm.
490 ## - SERİSİ TABLOSU
Seri Beyanı Siyaset-İnceleme
Hacim / Ardışık Tanımı 43
490 ## - SERİSİ TABLOSU
Seri Beyanı Agora kitaplığı
Hacim / Ardışık Tanımı 249
610 ## - KONU KATMA GİRİŞ - TOPLANTI ADI
Giriş Elemanı Olarak Kurumsal Ad Veya Yargı Alanı Adı DP
Form Alt Başlık Tarih
610 ## - KONU KATMA GİRİŞ - TOPLANTI ADI
Giriş Elemanı Olarak Kurumsal Ad Veya Yargı Alanı Adı CHP
Form Alt Başlık Tek parti
-- Tarih
650 #0 - KONU KATMA GİRİŞ - TOPİKAL DÖNEM
Topikal Süreli Veya Coğrafi Ad Giriş Elemanı Parlamenter demokrasi
9 (RLIN) 6048
Genel Alt Bölümü Türkiye
650 #0 - KONU KATMA GİRİŞ - TOPİKAL DÖNEM
Topikal Süreli Veya Coğrafi Ad Giriş Elemanı Siyaset ve yönetim
Genel Alt Bölümü Türkiye
9 (RLIN) 9
650 #0 - KONU KATMA GİRİŞ - TOPİKAL DÖNEM
Topikal Süreli Veya Coğrafi Ad Giriş Elemanı Demokrasi
9 (RLIN) 339
Genel Alt Bölümü Türkiye
700 ## - KATMA GİRİŞ - KİŞİSEL İSİM
Kişisel Ad Güneş,Hurşit
Relator Terim der.
942 ## - EKLENDİ GİRİŞ ELEMANLARI (KOHA)
Sınıflandırma Veya Raf Düzeni Kaynak Dewey Decimal Classification
Koha Öğesi Türü Books
999 ## - SİSTEM KONTROL NUMARALARI (KOHA)
Koha Biblioitemnumber 9119
Holdings
Kalıcı Konum Mevcut Konum Edinme Tarihi Edinim Kaynak Toplam Check-Out'Lar Tam Çağrı Numarası Barkod Tarih Son Görülme İtibaren Geçerli Fiyatlar Koha Öğesi Türü Sigara Kamu Notu
CHP Kütüphanesi CHP Kütüphanesi 02/05/2017 Bağış   CHP 324.2171 G95t 2009 015535 02/05/2017 02/05/2017 Books  
CHP Kütüphanesi CHP Kütüphanesi 10/22/2019     CHP 324.2171 G95t 2009 011826 10/22/2019 10/22/2019 Books Ertuğrul Çepni bağışıdır.